书目信息 |
| 题名: |
大海国
|
|
| 作者: | 盖广生 编著 | |
| 分册: | ||
| 出版信息: | 北京 海洋出版社 2011.12 |
|
| 页数: | 324页 | |
| 开本: | 24cm | |
| 丛书名: | ||
| 单 册: | ||
| 中图分类: | E273 | |
| 科图分类: | ||
| 主题词: | 制海权--zhi hai quan--历史--中国 | |
| 电子资源: | ||
| ISBN: | 978-7-5027-8174-3 | |
| 000 | 00814nam0 22002411 450 | |
| 001 | 2156854632 | |
| 005 | 20211117154739.52 | |
| 010 | @a978-7-5027-8174-3@dCNY58.00 | |
| 100 | @a20120113d2011 em y0chiy0110 ea | |
| 101 | 0 | @achi |
| 102 | @aCN@b110000 | |
| 105 | @aa z 000yy | |
| 200 | 1 | @a大海国@Ada hai guo@e中国百年海洋思想历程@f盖广生编著 |
| 210 | @a北京@c海洋出版社@d2011.12 | |
| 215 | @a324页@c图@d24cm | |
| 330 | @a回眸历史,讲述中华民族近现代伟人对海洋、海权的不懈追求,以及新中国建立后,国家对此的投入和所获积极成就。 | |
| 333 | @a一般读者 | |
| 517 | 1 | @a中国百年海洋思想历程@Azhong guo bai nian hai yang si xiang li cheng |
| 606 | 0 | @a制海权@Azhi hai quan@x历史@y中国 |
| 690 | @aE273@v4 | |
| 701 | 0 | @a盖广生@Agai guang sheng@4编著 |
| 801 | 0 | @aCN@b山东中教@c20211112 |
| 905 | @aZUCC@dE273@e5 | |
| 大海国:中国百年海洋思想历程/盖广生编著.-北京:海洋出版社,2011.12 |
| 324页:图;24cm |
| 使用对象:一般读者 |
| ISBN 978-7-5027-8174-3:CNY58.00 |
| 回眸历史,讲述中华民族近现代伟人对海洋、海权的不懈追求,以及新中国建立后,国家对此的投入和所获积极成就。 |
| ● |
| 相关链接 |
|
|
|
正题名:大海国
索取号:E273/5
 
预约/预借
| 序号 | 登录号 | 条形码 | 馆藏地/架位号 | 状态 | 备注 |
| 1 | 2000890272 | 2000890272 | 兵学书屋/兵圣1架A面3层4列/ [索取号:E273/5] | 在馆 | |
| 2 | 2000890273 | 2000890273 | 兵学书屋/兵圣1架A面3层4列/ [索取号:E273/5] | 在馆 | |
| 3 | 2000890274 | 2000890274 | 兵学书屋/兵圣1架A面3层4列/ [索取号:E273/5] | 在馆 |